000 00571nam a2200157Ia 4500
008 210310s9999 xx 000 0 und d
020 _a978-958-682-763-8
100 _aJaime de gamboa
_924570
245 0 _a¿Cómo utilizar las finanzas para sobrevivir?
260 _c2009
300 _b112 p : ,
440 _a0
_924571
500 _a0
505 _a0
650 _aAdministración del riesgo.-- Administración financiera..-- Empresarios industriales..-- Riesgo de liquidez.-- Rentabilidad.-- Valor en riesgo.-- Costos de capital.-- Planificación financiera
_924572
999 _c11092
_d11092